000 00210nam a2200085Ia 4500
008 220204s9999 xx 000 0 und d
082 _a058
_bBRI
245 0 _aBritannica book of the year 1977 and 1989
942 _cBK
999 _c39956
_d39956